Fire Engineering '2006 II. medzinárodná vedecká konferencia

Podrobná bibliografia
Hlavný autor: Kemenyík, Štefan (Autor)
Médium: Článok
Jazyk:slovenčina
Fyzický popis:Fotogr.
ISSN:1335-504X
Predmet:

MARC

LEADER 00000nab a2200000 ar4500
001 vtls008964038
003 SK-MaSNL
005 20260304001611.0
008 070413c2006 xo qr|p|||||||000 b|slo
015 |a SNBRB2007/04  |2 snkbucl 
038 |a SNKBUCL 
040 |a SNKBUCL  |b slo  |c SNKBUCL  |e AACR2 
041 0 |a slo 
044 |a xo  |c SK 
080 |a 614.84:061.3  |2 2001 
100 1 |a Kemenyík, Štefan  |4 aut  |9 777845 
245 1 0 |a Fire Engineering '2006  |b II. medzinárodná vedecká konferencia  |c Štefan Kemenyík 
300 |b Fotogr. 
611 2 7 |a Fire Enginnering  |n (2. :  |d 2006 :  |c Lučenec, Slovensko)  |2 snkbucl  |9 103614 
648 7 |a 3.-5.2006  |2 snk  |9 1278208 
650 0 7 |a požiarna ochrana  |2 snkbucl  |9 1501 
650 0 7 |a konferencie  |2 snkbucl  |9 19221 
773 0 |t Alarm security magazín  |g Roč. VIII., č. 4 (2006), s. 8-10  |x 1335-504X 
852 |a SNK  |b KIS3GCP 
958 |a SK 
999 |c 2537792  |d 2539722